Baby Names: Australian Boys (2011) Quiz Stats

 Plays Quiz Updated Feb 20, 2020

Support Sporcle.
Go Orange.
Score 0/100 Timer 10:00
0 Plays Today
Rank Name % Correct
100John
84.8%
10James
79.6%
01William
77.3%
44Michael
76.9%
82David
71.8%
02Jack
70.3%
09Thomas
69.8%
37Matthew
69.4%
30Daniel
65.6%
27Harry
64.2%
95Andrew
63.9%
70George
62.8%
35Luke
60%
79Alex
58.8%
14Samuel
58.4%
32Henry
57.8%
74Charles
57.8%
13Jacob
56%
49Joseph
55.7%
12Liam
55.5%
15Benjamin
55.4%
72Adam
54.1%
18Alexander
52.7%
63Edward
52%
11Joshua
51.8%
24Ryan
50.1%
66Nathan
49.6%
04Oliver
48.9%
54Nicholas
48.1%
89Anthony
46.3%
84Zac
45.3%
05Lucas
44.9%
03Ethan
44.8%
98Aaron
44.4%
Rank Name % Correct
51Patrick
42.8%
34Jackson
42.6%
33Jake
42.4%
19Charlie
42.2%
48Zachary
42%
75Luca
41.2%
06Noah
39.5%
81Marcus
38.1%
21Tyler
37.8%
29Isaac
36.5%
23Aidan
36.5%
83Christian
36.2%
55Jordan
34.2%
42Eli
33.9%
17Max
33.2%
68Leo
32.7%
41Connor
31.5%
50Dylan
31.3%
71Owen
30%
31Oscar
29.1%
22Mason
29.1%
78Cameron
28.2%
25Jayden
27.2%
45Elijah
27.2%
57Caleb
26.8%
20Xavier
26.3%
26Harrison
26.1%
38Logan
26%
52Mitchell
24.1%
80Austin
23.7%
39Hunter
23%
16Riley
22.6%
08Cooper
21.7%
88Jesse
21.6%
Rank Name % Correct
90Gabriel
21.2%
43Hayden
20.8%
36Blake
20.6%
92Seth
20.4%
40Sebastian
18.7%
58Chase
17.4%
07Lachlan
17%
76Callum
16.8%
61Finn
16.6%
28Levi
16.5%
97Dominic
15.4%
60Ashton
15.4%
65Jaxon
14.1%
46Nate
14%
53Archie
13.9%
85Toby
13.7%
99Kai
13.4%
59Angus
11.4%
62Bailey
11.4%
96Declan
10.9%
87Hugo
10.8%
47Flynn
10.7%
77Jasper
10.2%
86Lincoln
10%
56Hamish
9.2%
93Hudson
8.8%
67Finley
8.7%
69Ryder
8.4%
64Beau
7.3%
91Archer
7.3%
94Darcy
5.9%
73Jett
5.2%

From the Vault

First One, Last One: Television

by Flick

We always ask about the first and last ones, but it's time someone gives a look to the middle ones.
Remove Ads.
Support Sporcle.
Get the best of Sporcle when you Go Orange. This ad-free experience offers more features, more stats, and more fun while also helping to support Sporcle. Thank you for becoming a member.

Show Comments

Extras

Top Quizzes Today


Score Distribution

Your Account Isn't Verified!

In order to create a playlist on Sporcle, you need to verify the email address you used during registration. Go to your Sporcle Settings to finish the process.

Report this User

Report this user for behavior that violates our Community Guidelines.

Details: